000 00374nam a2200157Ia 4500
008 230524s9999 xx 000 0 und d
020 _a9788180053979
100 _aBureau's
245 0 _aElements of Mathematics Vol-II
250 _a1
260 _aBhubaneswar
_bPustak Bhavan
300 _a448
500 _aQuantity Number: 2
650 _aMathematics
942 _cBK
999 _c58859
_d58859